书目信息 |
| 题名: |
体育运动中的体能训练分析
|
|
| 作者: | 郭庆 著 | |
| 分册: | ||
| 出版信息: | 北京 北京工业大学出版社 2021.04 |
|
| 页数: | 216页 | |
| 开本: | 24cm | |
| 丛书名: | ||
| 单 册: | ||
| 中图分类: | G808.14 | |
| 科图分类: | ||
| 主题词: | 体能--身体训练--研究 | |
| 电子资源: | ||
| ISBN: | 978-7-5639-6949-4 | |
| 000 | 00821nam0 2200229 450 | |
| 001 | 012001000755 | |
| 005 | 20141201171754.0 | |
| 010 | @a978-7-5639-6949-4@dCNY71.00 | |
| 100 | @a20220905d2019 em y0chiy50 ea | |
| 101 | 0 | @achi |
| 102 | @aCN@b110000 | |
| 105 | @aa z 000yy | |
| 106 | @ar | |
| 200 | 1 | @a体育运动中的体能训练分析@Ati yu yun dong zhong de ti neng xun lian fen xi@f郭庆著 |
| 210 | @a北京@c北京工业大学出版社@d2021.04 | |
| 215 | @a216页@c图@d24cm | |
| 330 | @a本书共分六章,内容包括:体能训练概论、体育训练的生理学与营养学基础、各项体能训练的教学方法与实施、体能训练的控制与运动素质转移、体能测试与评价、体能训练设计与发展趋势研究。 | |
| 606 | 0 | @a体能@x身体训练@x研究 |
| 690 | @aG808.14@v5 | |
| 701 | 0 | @a郭庆@Aguo qing@4著 |
| 801 | 0 | @aCN@bAHXH@c20221111 |
| 905 | @b1369908-12@dG808.14@e2049@f5 | |
| 体育运动中的体能训练分析/郭庆著.-北京:北京工业大学出版社,2021.04 |
| 216页:图;24cm |
| ISBN 978-7-5639-6949-4:CNY71.00 |
| 本书共分六章,内容包括:体能训练概论、体育训练的生理学与营养学基础、各项体能训练的教学方法与实施、体能训练的控制与运动素质转移、体能测试与评价、体能训练设计与发展趋势研究。 |
| ● |
| 相关链接 |
|
|
|
|
正题名:体育运动中的体能训练分析
索取号:G808.14/2049
 
预约/预借
| 序号 | 登录号 | 条形码 | 馆藏地/架位号 | 状态 | 备注 |
| 1 | 1369908 | 213699087 | 第一样本阅览室/ [索取号:G808.14/2049] | 在馆 | |
| 2 | 1369909 | 213699096 | 教育系资料室/ [索取号:G808.14/2049] | 在馆 | |
| 3 | 1369910 | 213699103 | 教育系资料室/ [索取号:G808.14/2049] | 在馆 | |
| 4 | 1369911 | 213699112 | 第四借阅区/ [索取号:G808.14/2049] | 在馆 | |
| 5 | 1369912 | 213699121 | 第四借阅区/ [索取号:G808.14/2049] | 在馆 |